000 00428nam a22001217a 4500
008 230612b xxu||||| |||| 00| 0 eng d
082 _a354.676
_bGOK
100 _cGOK
245 _aThe Report of the Controller and Auditor-General Together with the Appropriation Accounts other public Accounts and the Accounts of the funds for the year 2004/2005
260 _aNairobi, Kenya
_bGOK
_cJune 2005
300 _a589p
942 _2ddc
_cBK
999 _c1083
_d1083